| 000 | 00422nam a2200181Ia 4500 | ||
|---|---|---|---|
| 003 | OSt | ||
| 005 | 20240206095949.0 | ||
| 008 | 210210b1967 xxu||||| |||| 00| 0 eng d | ||
| 040 | _cAL | ||
| 041 | _aSanskrit | ||
| 082 | _a881/53 | ||
| 100 |
_aKALIDASA _9149682 |
||
| 245 | _aRaghuvamsa cant VI by Rangachar | ||
| 260 |
_aMaisur _b- _c1967 |
||
| 690 |
_aSanskrit Poetry _9149683 |
||
| 906 | _a024224 | ||
| 942 |
_2ddc _cBK |
||
| 999 |
_c149622 _d149622 |
||